| 000 | 00685nam a2200217 a 4500 | ||
|---|---|---|---|
| 005 | 20210223130538.0 | ||
| 008 | 080722s1982 mx r 000 0 spa d | ||
| 035 | _aUPN01000157834 | ||
| 049 | _aUNE | ||
| 080 | _a37.018. 523 (100)=20 MUY No.105. | ||
| 100 | 1 | _aMuyeed, Abdul. | |
| 245 | 1 | 0 |
_aSome reflections on education for rural development : _ba discussion paper / _cAbdulMuyeed. |
| 260 |
_aParĂs : _bUNESCO : _bUNICEF, _c1982. |
||
| 300 | _a12 p. | ||
| 440 | 0 |
_aNotes, Comments... ; _v105 |
|
| 690 | _aEducacion rural - Estrategias de desarrollo | ||
| 690 | _aDesarrollo rural - Educacion y desarrollo | ||
| 710 | 2 |
_aUNICEF _924085 |
|
| 710 | 2 | _aUNESCO | |
| 905 | _aUNESCO | ||
| 999 |
_c129948 _d129948 |
||